000 00450pab a2200169 454500
008 180718b2005 xxu||||| |||| 00| 0 eng d
100 _aLiu, Chen-Wuing
245 _aSustainable management of irrigation water in Taiwan
260 _c2005
300 _ap.51-64.
362 _aJul-Dec
650 _aWater - Taiwan
650 _aIrrigation - Taiwan
650 _aIrrigation
773 _aAfro-Asian Journal of Rural Development
909 _a68841
999 _c68841
_d68841